书目信息 |
| 题名: |
中国越野英雄谱
|
|
| 作者: | 方肇 著 | |
| 分册: | ||
| 出版信息: | 北京 文化艺术出版社 2010 |
|
| 页数: | 254页 | |
| 开本: | 23cm | |
| 丛书名: | ||
| 单 册: | ||
| 中图分类: | K825.47=76 | |
| 科图分类: | ||
| 主题词: | 越野性--汽车运动--优秀运动员--生平事迹--中国--现代 , 越野性 , 汽车运动 , 优秀运动员 | |
| 电子资源: | ||
| ISBN: | 978-7-5039-4216-7 | |
| 000 | 00923nam0 2200277 45 | |
| 001 | 1138465703 | |
| 005 | 20110419102549.06 | |
| 010 | @a978-7-5039-4216-7@dCNY49.80 | |
| 100 | @a20110409d2010 em y0chiy0110 ea | |
| 101 | 0 | @achi |
| 102 | @aCN@b110000 | |
| 105 | @aa z 000yd | |
| 106 | @ar | |
| 200 | 1 | @a中国越野英雄谱@AZhong Guo Yue Ye Ying Xiong Pu@dTop racer of autocross from China@f方肇著@FFang Zhao Zhu@zeng |
| 210 | @a北京@c文化艺术出版社@d2010 | |
| 215 | @a254页@c彩照@d23cm | |
| 330 | @a本介绍了以徐浪为首的24位赛车英雄的人物传记,记录了这些车手有着怎样的成长经历和故事。 | |
| 510 | 1 | @aTop racer of autocross from China@zeng |
| 606 | 0 | @a越野性@x汽车运动@x优秀运动员@x生平事迹@y中国@z现代 |
| 606 | 0 | @a越野性 |
| 606 | 0 | @a汽车运动 |
| 606 | 0 | @a优秀运动员 |
| 690 | @aK825.47=76@v4 | |
| 701 | 0 | @a方肇@AFang Zhao@4著 |
| 801 | 0 | @aCN@bTANGWEI@c20110419 |
| 905 | @b0535940-42@dK825.47=76@e702@f3 | |
| 中国越野英雄谱=Top racer of autocross from China/方肇著.-北京:文化艺术出版社,2010 |
| 254页:彩照;23cm |
| ISBN 978-7-5039-4216-7:CNY49.80 |
| 本介绍了以徐浪为首的24位赛车英雄的人物传记,记录了这些车手有着怎样的成长经历和故事。 |
| ● |
| 相关链接 |
|
|
|
|
正题名:中国越野英雄谱
索取号:K825.47=76/702
 
预约/预借
| 序号 | 登录号 | 条形码 | 馆藏地/架位号 | 状态 | 备注 |
| 1 | 0535940 | 205359404 | 第二样本阅览室/ [索取号:K825.47=76/702] | 在馆 | |
| 2 | 0535941 | 205359413 | 第二借阅区/ [索取号:K825.47=76/702] | 在馆 | |
| 3 | 0535942 | 205359422 | 第二借阅区/ [索取号:K825.47=76/702] | 在馆 |